| 000 | 00784nam a2200241 i 4500 | ||
|---|---|---|---|
| 001 | 186457 | ||
| 003 | SpMaBN | ||
| 005 | 20260525062937.0 | ||
| 008 | 161115s1981 sp |||| | spa d | ||
| 020 | _a84-239-1388-0 | ||
| 080 | _a821.124-22"-02" | ||
| 100 | 1 |
_aPlauto, Tito Maccio. _992613 |
|
| 245 | 1 | 0 |
_aAnfitrión _b; La comedia de la olla / _cPlauto ; [traducción, prólogo y notas de Pedro Voltes Bou]. |
| 250 | _a5ª ed. | ||
| 260 |
_aMadrid : _bEspasa-Calpe, _c1981. |
||
| 300 |
_a137 p. ; _c18 cm. |
||
| 490 | 1 |
_aColección austral ; _v1388 |
|
| 700 | 0 |
_aVoltes Bou, Pedro, _d1926-2009 _9115726 |
|
| 740 | 3 | 2 | _aLa comedia de la olla. |
| 830 | 0 |
_aColección austral _v1388 _9177655 |
|
| 852 |
_aES-MaACL _jL-30810 _z. - Donat. Miguel A. Velasco |
||
| 999 |
_c186457 _d186457 |
||